Statistics for Vance Joy-Riptide (Lyrics)

Click here to take the quiz!

General Stats

  • This quiz has been taken 224 times
    (222 since last reset)
  • The average score is 312 of 363

Answer Stats

Lyrics% Correct
I
100%
The
100%
A
99%
Dark
97%
Riptide
97%
To
97%
In
96%
My
96%
You
96%
And
95%
Down
95%
Your
95%
Was
94%
When
94%
Be
93%
Of
93%
Scared
93%
Girls
92%
Love
92%
Pretty
92%
Side
92%
Sing
92%
All
91%
Man
91%
Conversations
90%
Singing
90%
Song
90%
Starting
90%
That
90%
Wanna,
90%
Wanna
90%
You’re
90%
Are
89%
Friends
89%
Got
89%
Oh,
89%
Oh
89%
Hand
88%
Running
88%
Dentists
87%
Green
87%
Left
87%
Wrong
87%
Gonna,
86%
Gonna
86%
Turning
86%
Words
86%
Away
84%
Lady
84%
Lady,
84%
Lump
84%
Throat
84%
‘Cause
82%
Come
80%
Dreams
76%
They
74%
This
74%
She’s
73%
On
72%
Way
72%
It
71%
It,
71%
Know
71%
From
70%
Taken
70%
Just
69%
Movie
69%
Their
69%
Thing
69%
City
68%
Closest
68%
Ever
68%
If
68%
Like
68%
New
68%
York
68%
For
67%
Been
66%
His
66%
Seen
66%
Think
66%
Unstuck
66%
Assistant
65%
Guy
65%
Job
65%
Magicians
65%
Other
65%
Quit
65%
Any
64%
Screen
64%
Stay
64%
You’ll
64%
Can’t
63%
Gotta,
63%
Gotta
63%
Michelle
63%
Swear
63%
Cowboys
62%
Have
62%
Shelf
62%
Decides
61%
Destined
61%
Himself
61%
Highest
60%
You’ve
60%
Living
59%
There’s
59%
Ah
57%
Ahh
57%
Ooh
55%
Pfeiffer
49%
Heads
45%
Yeah,
43%

Score Distribution

Percentile by Number Answered

Percent of People with Each Score

Your Score History

You have not taken this quiz since the last reset